000 00484nam a2200181Ia 4500
001 9340
005 20260306161711.0
008 260306t2002||||xx |||||||||||||| ||spa||
041 _aESP
082 _a378.103
_bG24
100 _aGarcía Roca, Joaquín
_eAUT
245 0 _aJóvenes, Universidad y compromiso social:
_buna experiencia de inserción comunitaria
260 _c2002
300 _a214 páginas :
_c23 cm.
650 _aGEN
654 _aCED
942 _cLIB
_dJUS
_fJUS
_2ddc
_n
999 _c9340
_d9340